000
00329nam a2200133Ia 4500
005
20251222143304.0
008
251222s9999||||xx |||||||||||||| ||spa||
020
_a
987-9296-06-0
082
_a
370.114/A62
100
_a
Antelo, Estanislao
245
0
_a
La Escuela Más Allá del Bien y El Mal
264
_b
AMSAFE
942
_c
LIB
999
_c
15444
_d
15444